Statistics for Stephen Sanchez - "Angel Face" Tracklist

Click here to take the quiz!

General Stats

  • This quiz has been taken 23 times
  • The average score is 11 of 13

Answer Stats

#Song% Correct
5Be More
100%
2Evangeline
100%
4Only Girl
100%
6Until I Found You
100%
7Shake
93%
1Something About Her
93%
8High
87%
11Caught In A Blue
73%
12Death Of The Troubadour
73%
9Doesn't Do Me Any Good
73%
3I Need You Most Of All
73%
10No One Knows (with Laufey)
73%
13Send My Heart With A Kiss
73%

Score Distribution

Percentile by Number Answered

Percent of People with Each Score

Your Score History

You have not taken this quiz